A nemzetközi büntetőbíráskodás

Elmentve itt :
Bibliográfiai részletek
Szerző: Tóth Zsanett
További közreműködők: Bodnár László (Témavezető)
Schiffner Imola (Témavezető)
Dokumentumtípus: Szakdolgozat
Megjelent: 2007
Tárgyszavak:
Law
Online Access:http://diploma.bibl.u-szeged.hu/30523
LEADER 00701nta a2200193 i 4500
001 dipl30523
005 20130314091035.0
008 110923s2007 hu om 0|| zxx d
040 |a SZTE Diploma Repozitórium  |b hun 
041 |a zxx 
100 1 |a Tóth Zsanett 
245 1 2 |a A nemzetközi büntetőbíráskodás  |h [elektronikus dokumentum] /  |c Zsanett Tóth 
246 1 0 |a History of the international criminal courts  |h [elektronikus dokumentum] 
260 |c 2007 
650 4 |a Jogi és igazgatási tanulmányok 
650 4 |a Law 
700 0 1 |a Bodnár László  |e ths 
700 0 1 |a Schiffner Imola  |e ths 
856 4 0 |u https://diploma.bibl.u-szeged.hu/id/eprint/30523/1/2007_toth_zsanett_120_2007.pdf  |z Dokumentum-elérés